Pays du Monde commençant par NA, NI, NO, OU, PA, PO - Statistiques

Statistiques générales
  • Ce quiz a été pris 677 fois
    674 depuis la dernière actualisation
  • Le résultat moyen est 12 sur 18
Statistiques - réponses
Réponse % Correct
Ouganda
90%
Namibie
87%
Niger
86%
Nigeria
85%
Ouzbékistan
84%
Pologne
82%
Pakistan
79%
Nicaragua
78%
Panama
72%
Paraguay
71%
Portugal
71%
Palaos
70%
Norvège
65%
Papouasie-Nouvelle-Guinée
64%
Nouvelle-Zélande
56%
Nauru
54%
Palestine
29%
Pays-Bas
26%
Aucun quiz correspondant
Distribution des résultats
% des personnes avec chaque résultat
Percentile par nombre de réponses
Votre historique - résultats
Vous n’avez pas pris ce quiz depuis la dernière actualisation